| 000 | 01616nam a2200373 c 4500 | ||
|---|---|---|---|
| 003 | BLK | ||
| 005 | 20250415145951.0 | ||
| 008 | 180409b bul|||||r ||||||| ||bul|| | ||
| 010 | _aKNG00136282000 | ||
| 020 |
_a978-954-9535-8-2 _bиздат.: Вакон |
||
| 040 | _aBLK | ||
| 041 |
_aBUL _cBUL |
||
| 072 | 7 |
_2bullib _aН83 _xЧужда художествена литература Н |
|
| 080 |
_aАмериканска литература (на САЩ) _b821.111(73) _x-992 _z821.111(73)-992 |
||
| 100 | 1 |
_aТеру, Пол _eпърви автор _9128705 |
|
| 700 | 1 |
_aМолев, Владимир Георгиев _eпрев. от англ. _998667 |
|
| 700 |
_aВасилева, Иглика Илиева _9376188 |
||
| 139 |
_aТеру, Пол _bТ 53 |
||
| 245 | 1 | 0 |
_aСтълбовете на Херкулес _bЕдна година по-късно _cПол Теру; прев. от англ. Владимир Георгиев Молев; прев. от англ. Иглика Илиева Василева. |
| 257 | _aUSA | ||
| 260 |
_аСофия _bВакон _c2008 _fСофия : Симолини |
||
| 300 |
_a281 с. _bс к. _c22 см |
||
| 380 | _aX | ||
| 490 | 1 | _aПоредица Пътешествия и приключения | |
| 500 | _aОриг. загл. The Pillars of Hercules / Paul Theroux. | ||
| 653 | _aпътеписи | ||
| 659 | _aН | ||
| 852 | _aЦб 257096 | ||
| 856 | 4 |
_qpdf _u |
|
| 856 | 4 |
_qpdf _u |
|
| 942 |
_cKNG _n0 _07 |
||
| 944 |
_aCR _c25.02.2011 _lЦветелина Шанова _k30531 |
||
| 944 |
_aED _c16.01.2017 _lф / _kЛюдмила_Стоянова |
||
| 999 |
_c130517 _d130517 |
||